Normal view MARC view
  • Ugalmugle Nikita- 2k241201 & Dr. Sneha Aarekar – Guide

Entry Personal Name

Number of records used in: 1

001 - CONTROL NUMBER

  • control field: 216467

003 - CONTROL NUMBER IDENTIFIER

  • control field: OSt

005 - DATE AND TIME OF LATEST TRANSACTION

  • control field: 20260123150758.0

008 - FIXED-LENGTH DATA ELEMENTS

  • fixed length control field: 260123|| aca||aabn | a|a d

040 ## - CATALOGING SOURCE

  • Original cataloging agency: OSt
  • Transcribing agency: OSt

100 ## - HEADING--PERSONAL NAME

  • Personal name: Ugalmugle Nikita- 2k241201 & Dr. Sneha Aarekar – Guide

670 ## - SOURCE DATA FOUND

  • Source citation: Work cat.: (OSt)370132: Ugalmugle Nikita- 2k241201 & Dr. Sneha Aarekar – Guide, An Analysis of the Perception of Employees Towards Organization Culture at E-Katta Innovation LLP, 2025